Anansi the spider : (Record no. 96)

MARC details
000 -LEADER
fixed length control field 00796nam a22002657a 4500
001 - CONTROL NUMBER
control field 96
003 - CONTROL NUMBER IDENTIFIER
control field FISKH
005 - DATE AND TIME OF LATEST TRANSACTION
control field 20231005121012.0
008 - FIXED-LENGTH DATA ELEMENTS--GENERAL INFORMATION
fixed length control field 230223b cb ||||| |||| 00| 0 eng d
010 ## - LIBRARY OF CONGRESS CONTROL NUMBER
LC control number 2016299496
040 ## - CATALOGING SOURCE
Original cataloging agency DLC
Language of cataloging eng
Description conventions rda
Transcribing agency DLC
Modifying agency DLC
-- FISKH
050 00 - LIBRARY OF CONGRESS CALL NUMBER
Classification number PZ8.M159 MLCS 2016/42172 (P)
082 ## - DEWEY DECIMAL CLASSIFICATION NUMBER
Classification number 398.2
100 1# - MAIN ENTRY--PERSONAL NAME
Personal name McDermott, Gerald
245 10 - TITLE STATEMENT
Title Anansi the spider :
Remainder of title a tale from the Ashanti
Statement of responsibility, etc. by Gerald McDermott
264 #1 - PRODUCTION, PUBLICATION, DISTRIBUTION, MANUFACTURE, AND COPYRIGHT NOTICE
Place of production, publication, distribution, manufacture Woodstock, Illinois :
Name of producer, publisher, distributor, manufacturer Dramatic Publishing Company,
Date of production, publication, distribution, manufacture, or copyright notice [2014]
300 ## - PHYSICAL DESCRIPTION
Extent 43 pages ;
Dimensions 19 cm.
336 ## - CONTENT TYPE
Content type term text
Content type code txt
Source rdacontent
337 ## - MEDIA TYPE
Media type term unmediated
Media type code n
Source rdamedia
338 ## - CARRIER TYPE
Carrier type term volume
Carrier type code nc
Source rdacarrier
521 8# - TARGET AUDIENCE NOTE
Target audience note 430 <br/>
Source Lexile
521 8# - TARGET AUDIENCE NOTE
Target audience note H
Source Raz-Plus
906 ## - LOCAL DATA ELEMENT F, LDF (RLIN)
a 7
b cbc
c orignew
d 4
e ncip
f 20
g y-gencatlg
942 ## - ADDED ENTRY ELEMENTS (KOHA)
Source of classification or shelving scheme Dewey Decimal Classification
Koha item type Books
Suppress in OPAC No
Holdings
Withdrawn status Lost status Source of classification or shelving scheme Damaged status Not for loan Collection Home library Current library Shelving location Date acquired Total Checkouts Full call number Barcode Date last seen Date last checked out Copy number Price effective from Koha item type
    Library of Congress Classification     Juvenile Fiction Footprints International School Library Network Toul Kork Campus Footprints International School Library Network Toul Kork Campus TK Primary Library Room(4th Floor), Bookcase 1&2, Shelves 1-16, Dark Blue Books 02/23/2023 4 MCD 398.2 PZ8.M159 FISTK01849 01/30/2025 08/06/2024 1 02/23/2023 Books
    Library of Congress Classification     Juvenile Fiction Footprints International School Library Network Toul Kork Campus Footprints International School Library Network Toul Kork Campus TK Primary Library Room(4th Floor), Bookcase 1&2, Shelves 1-16, Dark Blue Books 02/23/2023 6 MCD 398.2 PZ8.M159 FISBK02478 10/16/2024 10/09/2024 2 02/23/2023 Books
    Library of Congress Classification     Juvenile Fiction Footprints International School Library Network Toul Kork Campus Footprints International School Library Network Toul Kork Campus TK Primary Library Room(4th Floor), Bookcase 1&2, Shelves 1-16, Dark Blue Books 02/23/2023 7 MCD 398.2 PZ8.M159 FISTK01850 04/09/2025 04/02/2025 3 02/23/2023 Books